[Event "Cidreira op"]
[Site "Cidreira"]
[Date "2025.05.04"]
[Round "7"]
[White "Bitencourt, Evandro Jose dos S"]
[Black "Domingues, Michel Da Cruz"]
[Result "1-0"]
[WhiteElo "1936"]
[BlackElo "1806"]
[PlyCount "105"]
[EventDate "2025.05.01"]
[EventType "swiss"]
[EventRounds "7"]
[EventCountry "BRA"]
[SourceTitle "CB19_2025"]
[SourceDate "2025.05.07"]
[SourceVersion "1"]
[SourceVersionDate "2025.05.07"]
[SourceQuality "1"]

1. e4 c6 2. d4 d5 3. Nc3 dxe4 4. Nxe4 Nf6 5. Nxf6+ exf6 6. c3 Bd6 7. Bd3 0-0 8. Qc2 Kh8 9. Ne2 Qc7 10. Be3 Be6 11. h3 Nd7 12. 0-0 a5 13. c4 Rfe8 14. Rad1 Nf8 15. c5 Be7 16. Nf4 Qd7 17. Nxe6 Nxe6 18. Bc4 Bd8 19. Qe2 Bc7 20. d5 cxd5 21. Bxd5 Nf4 22. Qf3 Nxd5 23. Qxd5 Qxd5 24. Rxd5 Rad8 25. Rfd1 Rxd5 26. Rxd5 Rd8 27. Rxd8+ Bxd8 28. Kf1 Kg8 29. Ke2 Kf8 30. Kd3 Ke7 31. Kc4 Kd7 32. Kb5 Bc7 33. Bd2 f5 34. Bxa5 Be5 35. Bc3 f6 36. Kc4 Kc6 37. b4 Bc7 38. b5+ Kd7 39. Kd5 Ke7 40. a4 h5 41. a5 Kd7 42. f3 Bg3 43. Bb4 Be5 44. c6+ bxc6+ 45. bxc6+ Kc7 46. a6 Kb6 47. Bd6 Kxa6 48. Bxe5 fxe5 49. Kd6 e4 50. fxe4 fxe4 51. c7 e3 52. c8Q+ Kb5 53. Qc5+ 1-0

[Event "Cidreira op"]
[Site "Cidreira"]
[Date "2025.05.02"]
[Round "3"]
[White "Bitencourt, Evandro Jose dos S"]
[Black "Librelato, Kathie Goulart"]
[Result "0-1"]
[WhiteElo "1936"]
[BlackElo "2138"]
[PlyCount "78"]
[EventDate "2025.05.01"]
[EventType "swiss"]
[EventRounds "7"]
[EventCountry "BRA"]
[SourceTitle "CB19_2025"]
[SourceDate "2025.05.07"]
[SourceVersion "1"]
[SourceVersionDate "2025.05.07"]
[SourceQuality "1"]

1. e4 c5 2. Nf3 d6 3. d4 cxd4 4. Nxd4 Nf6 5. Nc3 Nc6 6. Bg5 e6 7. Qd2 a6 8. 0-0-0 Bd7 9. f3 Nxd4 10. Qxd4 Be7 11. h4 h6 12. Be3 h5 13. Qb6 Qxb6 14. Bxb6 Rc8 15. Be3 e5 16. Bg5 Be6 17. Be2 Rc6 18. Kb1 Nd7 19. Bxe7 Kxe7 20. Nd5+ Bxd5 21. Rxd5 Rhc8 22. Rd2 b5 23. g4 hxg4 24. fxg4 Nc5 25. Bf3 b4 26. h5 Ne6 27. Be2 Kf6 28. Rf1+ Nf4 29. Bf3 Kg5 30. Re1 Ne6 31. Bd1 Rh8 32. Rf1 Nf4 33. Rf3 g6 34. hxg6 fxg6 35. Rb3 Rh1 36. Rxb4 Ng2 37. Rb3 Re1 38. Kc1 Ne3 39. a4 Rxc2+ 0-1

[Event "Criciuma op-A"]
[Site "Criciuma"]
[Date "2024.01.16"]
[Round "6"]
[White "Bitencourt, Evandro Jose dos S"]
[Black "Do Valle Cardoso, Lucas"]
[Result "0-1"]
[WhiteElo "1863"]
[BlackElo "2392"]
[PlyCount "116"]
[EventDate "2024.01.12"]
[EventType "swiss"]
[EventRounds "9"]
[EventCountry "BRA"]
[SourceTitle "CBM 218 Extra"]
[Source "ChessBase"]
[SourceDate "2024.03.31"]
[SourceVersion "1"]
[SourceVersionDate "2024.03.31"]
[SourceQuality "1"]

1. e4 c5 2. Nf3 d6 3. d4 cxd4 4. Nxd4 Nf6 5. Nc3 a6 6. Be2 e5 7. Nf3 Be7 8. Bg5 Be6 9. Bxf6 Bxf6 10. Nd5 Nd7 11. 0-0 Nc5 12. Nxf6+ gxf6 13. c3 Rg8 14. Re1 Qd7 15. Bf1 0-0-0 16. b4 Na4 17. b5 axb5 18. Rb1 Nc5 19. Bxb5 Qc7 20. Nd4 Bh3 21. Bf1 Kb8 22. Nb5 Qc6 23. Qf3 Be6 24. c4 f5 25. Qa3 Nxe4 26. Na7 Qc7 27. Rb2 Bd7 28. Reb1 Nc5 29. Nb5 Bxb5 30. Rxb5 f4 31. Ra5 Qc6 32. Ra8+ Kc7 33. Qa5+ Kd7 34. Rxd8+ Rxd8 35. g3 Ke7 36. Qd2 Rg8 37. Bg2 f3 38. Bf1 Rg6 39. Bd3 e4 40. Bc2 Qc8 41. Qe1 Qh3 42. Qf1 Qxf1+ 43. Kxf1 h5 44. h4 f5 45. Ke1 f4 46. gxf4 Rg4 47. Kd2 Rxf4 48. Rh1 Kf6 49. Ke3 Ke5 50. Rh2 Ne6 51. Rh1 Nd4 52. Ba4 Rxh4 53. Rxh4 Nf5+ 54. Kd2 Nxh4 55. Be8 Kd4 56. Bxh5 Ng2 57. Bf7 Nf4 58. Bg8 Nd3 0-1

[Event "Florianopolis op 9th"]
[Site "Florianopolis"]
[Date "2023.01.28"]
[Round "9"]
[White "Bitencourt, Evandro Jose dos S"]
[Black "Machado, Wesley Henrique"]
[Result "1-0"]
[WhiteElo "1859"]
[BlackElo "1487"]
[PlyCount "53"]
[EventDate "2023.01.23"]
[EventType "swiss"]
[EventRounds "10"]
[EventCountry "BRA"]
[SourceTitle "CBM 212 Extra"]
[Source "ChessBase"]
[SourceDate "2023.03.31"]
[SourceVersion "1"]
[SourceVersionDate "2023.03.31"]
[SourceQuality "1"]

1. e4 e5 2. Nf3 Nc6 3. d4 exd4 4. Nxd4 Bc5 5. Nb3 Bb6 6. Nc3 Qf6 7. Qe2 Nge7 8. Be3 Ne5 9. Bxb6 axb6 10. Nb5 Qc6 11. N3d4 Qc5 12. c3 0-0 13. b4 Qc4 14. Qc2 c6 15. Bxc4 Nxc4 16. Nc7 Ra3 17. b5 d6 18. 0-0 Bd7 19. Qd3 Ne5 20. Qc2 Rc8 21. f4 Ng4 22. Qc1 Ra7 23. h3 Nh6 24. f5 Rxc7 25. Qf4 Be8 26. Qxd6 Rd7 27. Qb8 1-0

[Event "Florianopolis op 9th"]
[Site "Florianopolis"]
[Date "2023.01.23"]
[Round "1"]
[White "Bitencourt, Evandro Jose dos S"]
[Black "Dos Santos, Gabriel Conte"]
[Result "1-0"]
[WhiteElo "1859"]
[BlackElo "1136"]
[PlyCount "59"]
[EventDate "2023.01.23"]
[EventType "swiss"]
[EventRounds "10"]
[EventCountry "BRA"]
[SourceTitle "CBM 212 Extra"]
[Source "ChessBase"]
[SourceDate "2023.03.31"]
[SourceVersion "1"]
[SourceVersionDate "2023.03.31"]
[SourceQuality "1"]

1. d4 d5 2. c4 e6 3. Nf3 Nf6 4. g3 Bd6 5. Bg2 Nbd7 6. 0-0 b6 7. Nbd2 Bb7 8. b3 0-0 9. Bb2 c5 10. cxd5 exd5 11. Re1 Rc8 12. Rc1 Rb8 13. Nb1 cxd4 14. Nxd4 Be5 15. Nd2 Rc8 16. N2f3 Rxc1 17. Qxc1 Bxd4 18. Nxd4 Qc8 19. Qxc8 Rxc8 20. Rc1 Rxc1+ 21. Bxc1 Ne4 22. Bb2 Ne5 23. Nb5 Ba6 24. Nc7 Bxe2 25. Bxe5 f6 26. Bxe4 dxe4 27. Bd4 Kf7 28. Nd5 Ke6 29. Nf4+ Kf5 30. Nxe2 1-0

[Event "Criciuma op"]
[Site "Criciuma"]
[Date "2023.01.19"]
[Round "9"]
[White "Bitencourt, Evandro Jose dos S"]
[Black "Paredes Lagos, Anthony Javier"]
[Result "0-1"]
[WhiteElo "1859"]
[BlackElo "2332"]
[PlyCount "106"]
[EventDate "2023.01.13"]
[EventType "swiss"]
[EventRounds "9"]
[EventCountry "BRA"]
[SourceTitle "CBM 212 Extra"]
[Source "ChessBase"]
[SourceDate "2023.03.31"]
[SourceVersion "1"]
[SourceVersionDate "2023.03.31"]
[SourceQuality "1"]

1. d4 d5 2. Bf4 Nf6 3. Nc3 a6 4. e3 b5 5. Bd3 Bb7 6. Nf3 Nbd7 7. Ne5 c5 8. Nxd7 Nxd7 9. 0-0 Qb6 10. Be2 e6 11. Bf3 cxd4 12. exd4 Bb4 13. a3 Bd6 14. Bxd6 Qxd6 15. Ne2 Nb6 16. c3 0-0 17. b3 a5 18. Qd3 Rfc8 19. Rfc1 Rc7 20. g3 f6 21. Bg2 Bc6 22. Qe3 Be8 23. Nf4 Bf7 24. Nd3 Re8 25. f4 Nd7 26. Bh3 Rec8 27. Qd2 Qb6 28. Kh1 Bg6 29. f5 Bxf5 30. Bxf5 exf5 31. Nf4 Qd6 32. Qg2 Nb6 33. Qe2 Qd7 34. Re1 Rxc3 35. Qe6+ Qxe6 36. Rxe6 R3c6 37. Rae1 g5 38. Nh5 Kf7 39. Re7+ Kg6 40. Ng7 R8c7 41. Ne8 Rxe7 42. Rxe7 a4 43. bxa4 bxa4 44. Rb7 h5 45. Rg7+ Kh6 46. Rf7 Nc4 47. Ra7 Ne3 48. Kg1 h4 49. gxh4 gxh4 50. h3 Kg5 51. Kf2 Kf4 52. Rxa4 Rc2+ 53. Ke1 Kf3 0-1

[Event "Santa Catarina-ch 64th "]
[Site "Lages"]
[Date "2020.02.14"]
[Round "2"]
[White "Bitencourt, Evandro Jose dos S"]
[Black "Umetsubo, Cesar Hidemitsu"]
[Result "0-1"]
[WhiteElo "1853"]
[BlackElo "2367"]
[PlyCount "80"]
[EventDate "2020.02.14"]
[EventType "swiss"]
[EventRounds "6"]
[EventCountry "BRA"]
[SourceTitle "CBM 195 Extra"]
[Source "ChessBase"]
[SourceDate "2020.05.31"]
[SourceVersion "1"]
[SourceVersionDate "2020.05.31"]
[SourceQuality "1"]

1. d4 Nf6 2. c4 e6 3. Nf3 b6 4. g3 Bb7 5. Bg2 Be7 6. 0-0 0-0 7. Nc3 Ne4 8. Qc2 Nxc3 9. Qxc3 Be4 10. Rd1 d6 11. Bf1 Bf6 12. Be3 c5 13. Qd2 Bxf3 14. exf3 Nc6 15. d5 Nd4 16. Bg2 exd5 17. cxd5 Qd7 18. Rab1 a5 19. b3 b5 20. g4 g6 21. h3 b4 22. Bxd4 Bxd4 23. f4 Rfe8 24. Bf3 a4 25. Kg2 axb3 26. axb3 Ra3 27. f5 Qd8 28. Qf4 Ra2 29. Rxd4 g5 30. Qg3 cxd4 31. Rh1 Qf6 32. h4 Qe5 33. Qh3 Qe3 34. Qg3 Qf4 35. Qh3 d3 36. Rf1 d2 37. hxg5 Re1 38. g6 hxg6 39. fxg6 fxg6 40. Qh4 Rxf1 0-1

[Event "Florianopolis op 5th"]
[Site "Florianopolis"]
[Date "2019.01.27"]
[Round "10"]
[White "Bitencourt, Evandro Jose dos S"]
[Black "Chang, Suzana"]
[Result "1/2-1/2"]
[WhiteElo "1812"]
[BlackElo "1990"]
[PlyCount "30"]
[EventDate "2019.01.21"]
[EventType "swiss"]
[EventRounds "10"]
[EventCountry "BRA"]
[SourceTitle "EXT 2020"]
[Source "ChessBase"]
[SourceDate "2019.10.17"]
[SourceVersion "1"]
[SourceVersionDate "2019.10.17"]
[SourceQuality "1"]

1. d4 Nf6 2. c4 e6 3. Nf3 b6 4. g3 Ba6 5. b3 Bb4+ 6. Bd2 c5 7. Bxb4 cxb4 8. Bg2 Bb7 9. 0-0 0-0 10. a3 bxa3 11. Nxa3 d6 12. Nb5 a6 13. Nc3 Qc7 14. Rc1 Nbd7 15. Re1 Ng4 1/2-1/2

[Event "Florianopolis op 5th"]
[Site "Florianopolis"]
[Date "2019.01.24"]
[Round "5"]
[White "Queiroz da Costa, Alan Patrick"]
[Black "Bitencourt, Evandro Jose dos S"]
[Result "0-1"]
[WhiteElo "1474"]
[BlackElo "1812"]
[PlyCount "56"]
[EventDate "2019.01.21"]
[EventType "swiss"]
[EventRounds "10"]
[EventCountry "BRA"]
[SourceTitle "CBM 188 Extra"]
[Source "ChessBase"]
[SourceDate "2019.02.28"]
[SourceVersion "1"]
[SourceVersionDate "2019.02.28"]
[SourceQuality "1"]

1. c4 c5 2. g3 Nc6 3. Nf3 e5 4. d3 g6 5. Bg2 Bg7 6. Nc3 Nge7 7. Be3 d6 8. Qc1 h6 9. Bd2 Be6 10. e4 Qd7 11. a3 Nd4 12. Nxd4 cxd4 13. Nd5 Bxd5 14. exd5 Qf5 15. Be4 Qh3 16. Qc2 0-0 17. 0-0-0 Rac8 18. Rdg1 b5 19. Bg2 Qd7 20. b3 f5 21. f4 e4 22. dxe4 bxc4 23. bxc4 Rxc4 24. Qxc4 Rc8 25. Qxc8+ Qxc8+ 26. Kd1 d3 27. Ke1 Qc2 28. Bf3 fxe4 0-1

[Event "Sao Bento do Sul op 10"]
[Site "Sao Bento do Sul"]
[Date "2018.10.21"]
[Round "6"]
[White "Bitencourt, Evandro Jose dos S"]
[Black "Da Silva Junior, Marco Aurelio"]
[Result "0-1"]
[WhiteElo "1835"]
[BlackElo "1599"]
[PlyCount "102"]
[EventDate "2018.10.19"]
[EventType "swiss"]
[EventRounds "7"]
[EventCountry "BRA"]
[SourceTitle "EXT 2021"]
[Source "ChessBase"]
[SourceDate "2020.10.23"]
[SourceVersion "1"]
[SourceVersionDate "2020.10.23"]
[SourceQuality "1"]

1. Nf3 f5 2. d4 Nf6 3. g3 b6 4. Bg2 Bb7 5. 0-0 g6 6. c4 Bg7 7. Nc3 0-0 8. Qc2 e6 9. Rd1 Qe7 10. d5 e5 11. b3 h6 12. Bb2 d6 13. Nh4 Qf7 14. Bh3 Bc8 15. f4 exf4 16. gxf4 Ng4 17. Bxg4 fxg4 18. Nxg6 Bf5 19. Qxf5 Qxf5 20. Ne7+ Kh7 21. Nxf5 Rxf5 22. e3 Nd7 23. Na4 Bxb2 24. Nxb2 Nc5 25. Nd3 Ne4 26. Nf2 Re8 27. Nxe4 Rxe4 28. Rd3 h5 29. Rc1 a5 30. a3 Kg6 31. Kf2 h4 32. Rdc3 Kh5 33. Rg1 Re7 34. Rd3 Re4 35. Rc3 Re7 36. b4 a4 37. Rd1 Re8 38. Rc2 Re4 39. Ke2 Rf7 40. Kd3 Rfe7 41. Re2 Re8 42. Rc1 g3 43. c5 gxh2 44. cxb6 cxb6 45. Rh1 Kg4 46. Rhxh2 h3 47. Rhf2 Kg3 48. f5 R4e5 49. e4 Rxe4 50. Rxe4 Rxe4 51. Rc2 Rg4 0-1

[Event "Santa Catarina op"]
[Site "Icara"]
[Date "2017.06.30"]
[Round "2"]
[White "Bitencourt, Evandro Jose dos S"]
[Black "Elesbao, Bernardo Dartora"]
[Result "1-0"]
[WhiteElo "1862"]
[BlackElo "1800"]
[PlyCount "71"]
[EventDate "2017.06.29"]
[EventType "swiss"]
[EventRounds "7"]
[EventCountry "BRA"]
[SourceTitle "CBM 179 Extra"]
[Source "ChessBase"]
[SourceDate "2017.08.23"]
[SourceVersion "1"]
[SourceVersionDate "2017.08.23"]
[SourceQuality "1"]

1. e4 d5 2. exd5 Qxd5 3. Nc3 Qa5 4. d4 c6 5. Nf3 Bg4 6. h3 Bxf3 7. Qxf3 Nf6 8. Bd2 Qc7 9. 0-0-0 e6 10. Bd3 Nbd7 11. Rhe1 0-0-0 12. Ne2 Bd6 13. c4 Qb6 14. c5 Bxc5 15. dxc5 Qxc5+ 16. Bc2 Ne5 17. Qc3 Qxc3 18. Bxc3 Nc4 19. Rxd8+ Rxd8 20. Rd1 Rd5 21. Bxf6 gxf6 22. Rxd5 cxd5 23. Bxh7 Kd7 24. Bd3 Nd6 25. Nc3 a6 26. h4 Ke7 27. Kd2 f5 28. Ke3 Nc4+ 29. Bxc4 dxc4 30. a4 Kf6 31. f4 Kg6 32. a5 Kh5 33. g3 Kg6 34. Na4 Kh5 35. Nc5 Kg4 36. Kf2 1-0

[Event "Joinville op U2200"]
[Site "Joinville"]
[Date "2017.02.19"]
[Round "6"]
[White "Torres, Eduardo Lisboa"]
[Black "Bitencourt, Evandro Jose dos S"]
[Result "1/2-1/2"]
[WhiteElo "1929"]
[BlackElo "1837"]
[PlyCount "79"]
[EventDate "2017.02.17"]
[EventType "swiss"]
[EventRounds "7"]
[EventCountry "BRA"]
[SourceTitle "CBM 177 Extra"]
[Source "ChessBase"]
[SourceDate "2017.04.27"]
[SourceVersion "1"]
[SourceVersionDate "2017.04.27"]
[SourceQuality "1"]

1. d4 Nf6 2. c4 e6 3. Nc3 Bb4 4. e3 0-0 5. Bd3 d5 6. Nge2 c5 7. a3 cxd4 8. exd4 dxc4 9. Bxc4 Be7 10. 0-0 Nbd7 11. Bf4 Nb6 12. Bd3 Nbd5 13. Bg5 h6 14. Bd2 Re8 15. Ng3 Bd7 16. Qc1 Bf8 17. f4 Qb6 18. Nge2 Ne7 19. Kh1 Bc6 20. f5 exf5 21. Bxf5 Nxf5 22. Rxf5 Rac8 23. Rxf6 Rxe2 24. d5 Rxd2 25. Rxc6 bxc6 26. Qxd2 cxd5 27. Nxd5 Qg6 28. Nc3 Qb6 29. Rf1 Qd6 30. Qf2 Qd7 31. Ne4 Re8 32. Qf3 Qe6 33. Ng3 Bd6 34. Nf5 Bb8 35. Qg4 Qg6 36. Qd4 f6 37. Qc4+ Qf7 38. Qg4 Kh7 39. Nh4 Kg8 40. Nf5 1/2-1/2

[Event "Joinville op U2200"]
[Site "Joinville"]
[Date "2017.02.18"]
[Round "3"]
[White "Crul, Otavio Augusto Barr"]
[Black "Bitencourt, Evandro Jose dos S"]
[Result "1-0"]
[WhiteElo "1812"]
[BlackElo "1837"]
[PlyCount "123"]
[EventDate "2017.02.17"]
[EventType "swiss"]
[EventRounds "7"]
[EventCountry "BRA"]
[SourceTitle "CBM 177 Extra"]
[Source "ChessBase"]
[SourceDate "2017.04.27"]
[SourceVersion "1"]
[SourceVersionDate "2017.04.27"]
[SourceQuality "1"]

1. d4 Nf6 2. c4 e6 3. Nf3 b6 4. e3 Bb7 5. Bd3 Be7 6. 0-0 0-0 7. Nc3 d5 8. b3 Nbd7 9. Bb2 c5 10. cxd5 exd5 11. Qe2 a6 12. Rac1 b5 13. dxc5 Nxc5 14. Bc2 b4 15. Na4 Nxa4 16. bxa4 Ne4 17. Rfd1 Qa5 18. Nd4 Nc3 19. Qd3 g6 20. Bxc3 bxc3 21. Bb3 Rac8 22. Rc2 Rfd8 23. Ne2 Bb4 24. Rdc1 Ba3 25. Rd1 Bb2 26. Nf4 Bc6 27. Qd4 Rb8 28. Nxd5 Bxd5 29. Bxd5 Qc7 30. Qf6 Rf8 31. Qxa6 Qe5 32. Qc4 Qf5 33. Qd3 Qxd3 34. Rxd3 Rb4 35. Bb3 Rb7 36. Kf1 Ra7 37. Ke2 Rfa8 38. Ke1 Rxa4 39. Bxa4 Rxa4 40. Ke2 Kf8 41. f3 Ke7 42. h3 h5 43. f4 Ke6 44. Kf3 Ke7 45. g4 hxg4+ 46. hxg4 Ke6 47. Ke2 Ke7 48. Rdd2 Rb4 49. Rd4 Rb8 50. Rc4 Ra8 51. a4 Ke6 52. Kd3 Rd8+ 53. Rd4 Rc8 54. Rxb2 cxb2 55. Rb4 Ra8 56. Kc2 Kd5 57. Kxb2 Re8 58. Rd4+ Kc5 59. Rd3 Kb4 60. Ra3 Ka5 61. Kc2 Ra8 62. Ra2 1-0

[Event "Florianopolis op 3rd"]
[Site "Florianopolis"]
[Date "2017.01.23"]
[Round "5"]
[White "Caldeira, Adriano"]
[Black "Bitencourt, Evandro Jose dos S"]
[Result "1-0"]
[WhiteElo "2213"]
[BlackElo "1837"]
[PlyCount "73"]
[EventDate "2017.01.20"]
[EventType "swiss"]
[EventRounds "10"]
[EventCountry "BRA"]
[SourceTitle "CBM 176 Extra"]
[Source "ChessBase"]
[SourceDate "2017.03.02"]
[SourceVersion "1"]
[SourceVersionDate "2017.03.02"]
[SourceQuality "1"]

1. e4 e6 2. d4 d5 3. Nc3 dxe4 4. Nxe4 Bd7 5. Bd3 Bc6 6. Nf3 Nd7 7. 0-0 Ngf6 8. Ng3 Be7 9. b3 0-0 10. Bb2 Bxf3 11. Qxf3 c6 12. c4 Qa5 13. a3 Rad8 14. Qe2 Rfe8 15. Qc2 Qg5 16. Rfe1 Bf8 17. Ne4 Nxe4 18. Bxe4 Nf6 19. Bf3 Bd6 20. g3 Nd7 21. Re2 Nf8 22. Rae1 Ng6 23. Bg2 Rd7 24. f4 Qd8 25. f5 Nf8 26. d5 cxd5 27. cxd5 Rc7 28. Qd1 Rce7 29. f6 gxf6 30. Bxf6 Qb6+ 31. Kh1 Rd7 32. Qd2 Be7 33. Qg5+ Ng6 34. dxe6 fxe6 35. Rxe6 Qf2 36. Bxe7 Rd2 37. Rxg6+ 1-0

[Event "Florianopolis Winter U220 op"]
[Site "Florianopolis"]
[Date "2016.08.20"]
[Round "4"]
[White "Bitencourt, Evandro Jose dos S"]
[Black "Marques Junior, Marcos Antonio"]
[Result "1-0"]
[WhiteElo "1799"]
[BlackElo "1683"]
[PlyCount "79"]
[EventDate "2016.08.19"]
[EventType "swiss"]
[EventRounds "7"]
[EventCountry "BRA"]
[SourceTitle "CBM 174 Extra"]
[Source "ChessBase"]
[SourceDate "2016.10.10"]
[SourceVersion "1"]
[SourceVersionDate "2016.10.10"]
[SourceQuality "1"]

1. e4 e6 2. d4 d5 3. Nd2 Nf6 4. e5 Nfd7 5. f4 c5 6. c3 Nc6 7. Ndf3 a6 8. Bd3 b5 9. Ne2 c4 10. Bc2 b4 11. 0-0 g6 12. Qe1 a5 13. Qh4 Qc7 14. Ng5 Be7 15. Qh6 Bf8 16. Qh3 Nb6 17. g4 Ne7 18. f5 exf5 19. gxf5 Nxf5 20. Qf3 Ra7 21. Nf4 h6 22. Ngh3 Qb7 23. Kh1 Bg7 24. e6 Bxe6 25. Nxe6 fxe6 26. Re1 Qf7 27. Bxf5 gxf5 28. Nf4 Re7 29. Rg1 Nd7 30. Ng6 Nf6 31. Nxh8 Bxh8 32. Qg3 Rb7 33. Qg6 Ne4 34. Qg8+ Qxg8 35. Rxg8+ Kf7 36. Rxh8 Kg7 37. Rxh6 bxc3 38. bxc3 Nxc3 39. Rxe6 Ne4 40. Bf4 1-0

[Event "Florianopolis Winter U220 op"]
[Site "Florianopolis"]
[Date "2016.08.20"]
[Round "3"]
[White "Dos Santos, Haroldo Cunha Jr"]
[Black "Bitencourt, Evandro Jose dos S"]
[Result "1-0"]
[WhiteElo "2123"]
[BlackElo "1799"]
[PlyCount "92"]
[EventDate "2016.08.19"]
[EventType "swiss"]
[EventRounds "7"]
[EventCountry "BRA"]
[SourceTitle "CBM 174 Extra"]
[Source "ChessBase"]
[SourceDate "2016.10.10"]
[SourceVersion "1"]
[SourceVersionDate "2016.10.10"]
[SourceQuality "1"]

1. d4 Nf6 2. Nf3 e6 3. Bf4 b6 4. e3 Bb7 5. Bd3 c5 6. a4 Be7 7. h3 0-0 8. 0-0 Nd5 9. Bh2 Nb4 10. Be2 f5 11. Na3 d6 12. c3 Nd5 13. Nc4 Nc6 14. Qb3 cxd4 15. exd4 Nc7 16. Rfe1 Qd7 17. Ne3 Nd8 18. Nd2 Kh8 19. Rad1 Rf6 20. Bf3 Bxf3 21. Nxf3 Nf7 22. a5 b5 23. c4 bxc4 24. Qxc4 f4 25. Nf1 Nd5 26. Rc1 h6 27. N1d2 g5 28. Qd3 Kg7 29. Ne4 Rg6 30. Nc3 Nb4 31. Qc4 d5 32. Qe2 Bd6 33. Nb5 Bb8 34. Rc3 a6 35. Na3 Nc6 36. Rec1 Nxa5 37. b4 Nc4 38. Nxc4 dxc4 39. Rxc4 Bd6 40. Rc6 Nd8 41. Ne5 Bxe5 42. Qxe5+ Kg8 43. Rd6 Rc8 44. Bxf4 Rxc1+ 45. Bxc1 Qc7 46. Qc5 Qf7 1-0

[Event "Sao Bento do Sul op 4th"]
[Site "Sao Bento do Sul"]
[Date "2015.06.06"]
[Round "3"]
[White "Bitencourt, Evandro Jose dos S"]
[Black "Albino, Samuel"]
[Result "1-0"]
[WhiteElo "1790"]
[BlackElo "1543"]
[PlyCount "28"]
[EventDate "2015.06.05"]
[EventType "swiss"]
[EventRounds "6"]
[EventCountry "BRA"]
[SourceTitle "EXT 2017"]
[Source "ChessBase"]
[SourceDate "2016.10.25"]
[SourceVersion "1"]
[SourceVersionDate "2016.10.25"]
[SourceQuality "1"]

1. e4 d6 2. d4 Nf6 3. Nc3 g6 4. Bg5 Bg7 5. Qd2 Nbd7 6. 0-0-0 c6 7. f4 0-0 8. Nf3 Qc7 9. e5 dxe5 10. dxe5 Nh5 11. Bxe7 Re8 12. Bd6 Qd8 13. g4 Nxe5 14. Nxe5 Bxe5 1-0